000 00555cam a2200205ua 4500
001 6628
008 140703n ii |||gr||||Z||||||eng
040 _cMAIN
082 _a519.5
245 _aFundamentals of statistics
_cBy D.N. Elhance
250 _a51st ed.
260 _aPatna:
_bKitab mahal,
_c2007.
300 _axvi,30.22p.
653 _aProbabilities & applied mathematics
653 _aFundamentals of statistics
700 _aElhance,D.N.,
_eAuthor.,
700 _aElhance,Veena,
_eAuthor.
700 _aAggarwal,B.M.,
_eAuthor.
942 _cBK
999 _c5777
_d5777